000 00501nam a22002057a 4500
003 UA-OsUOA
001 43759
007 ta
008 20091028b un ||||| |||| 00| 0 ukr d
090 _a94(477).07
942 _cAV
040 _aUA-OsUOA
_beng
_cUA-OsUOA
_dUA-OsUOA
245 _aHarvest of Despair
955 _a4
041 _aeng
080 _a94(477).07
246 3 1 _aThe 1932-33 Famine in Ukraine
650 7 _a9 Географія. Біографії. Історія
_2UDC
999 _c442233
_d442233